Разработанные и перспективные технологии использования техногенных материалов в России и Казахстане; Международный журнал прикладных и фундаментальных исследований; № 7, ч. 2

Dades bibliogràfiques
Parent link:Международный журнал прикладных и фундаментальных исследований.— , 2007-
№ 7, ч. 2.— 2015.— [С. 610-614]
Autor principal: Федорчук Ю. М. Юрий Митрофанович
Autor corporatiu: Национальный исследовательский Томский политехнический университет (ТПУ) Институт неразрушающего контроля (ИНК) Кафедра экологии и безопасности жизнедеятельности (ЭБЖ)
Altres autors: Саденова М. А.
Sumari:Заглавие с экрана
Ниже представлены в виде обзора некоторые результаты работы коллективов Томского политехнического университета и Восточно-Казахстанского университета им. С. Аманжолова в области уменьшения воздействия производственной деятельности человека на окружающую среду за счет апробированных в лабораторных, полупромышленных и промышленных масштабах технических решений по энерго- и ресурсосбережению.
Presented below in the form of a review of some results of the work collectives of the Tomsk Polytechnic University and East University S. Amanzholov in reducing the impact of industrial activity on the environment at the expense of proven in laboratory, semi-industrial and industrial scale technical solutions for energy and resource conservation.
Режим доступа: по договору с организацией-держателем ресурса
Idioma:rus
Publicat: 2015
Col·lecció:Технические науки
Matèries:
Accés en línia:http://www.rae.ru/upfs/?section=content&op=show_article&article_id=6996
http://elibrary.ru/item.asp?id=23579281
Format: MixedMaterials Electrònic Capítol de llibre
KOHA link:https://koha.lib.tpu.ru/cgi-bin/koha/opac-detail.pl?biblionumber=643319

MARC

LEADER 00000nla0a2200000 4500
001 643319
005 20250220143431.0
035 |a (RuTPU)RU\TPU\network\8311 
090 |a 643319 
100 |a 20150907d2015 k||y0rusy50 ca 
101 0 |a rus 
102 |a RU 
135 |a drcn ---uucaa 
181 0 |a i  
182 0 |a b 
200 1 |a Разработанные и перспективные технологии использования техногенных материалов в России и Казахстане  |d Developed and emerging technology for the use of man-made materials in Russia and Kazakhstan  |f Ю. М. Федорчук, М. А. Саденова 
203 |a Текст  |c электронный 
225 1 |a Технические науки 
300 |a Заглавие с экрана 
330 |a Ниже представлены в виде обзора некоторые результаты работы коллективов Томского политехнического университета и Восточно-Казахстанского университета им. С. Аманжолова в области уменьшения воздействия производственной деятельности человека на окружающую среду за счет апробированных в лабораторных, полупромышленных и промышленных масштабах технических решений по энерго- и ресурсосбережению. 
330 |a Presented below in the form of a review of some results of the work collectives of the Tomsk Polytechnic University and East University S. Amanzholov in reducing the impact of industrial activity on the environment at the expense of proven in laboratory, semi-industrial and industrial scale technical solutions for energy and resource conservation. 
333 |a Режим доступа: по договору с организацией-держателем ресурса 
461 |t Международный журнал прикладных и фундаментальных исследований  |d 2007- 
463 |t № 7, ч. 2  |v [С. 610-614]  |d 2015 
510 1 |a Developed and emerging technology for the use of man-made materials in Russia and Kazakhstan  |z eng 
610 1 |a электронный ресурс 
610 1 |a труды учёных ТПУ 
610 1 |a техногенные материалы 
610 1 |a технологии 
610 1 |a отходы производств 
700 1 |a Федорчук  |b Ю. М.  |c специалист в области экологии и безопасности жизнедеятельности  |c профессор Томского политехнического университета, доктор технических наук  |f 1948-  |g Юрий Митрофанович  |3 (RuTPU)RU\TPU\pers\26187  |9 11995 
701 1 |a Саденова  |b М. А. 
712 0 2 |a Национальный исследовательский Томский политехнический университет (ТПУ)  |b Институт неразрушающего контроля (ИНК)  |b Кафедра экологии и безопасности жизнедеятельности (ЭБЖ)  |3 (RuTPU)RU\TPU\col\18720 
801 2 |a RU  |b 63413507  |c 20150907  |g RCR 
856 4 |u http://www.rae.ru/upfs/?section=content&op=show_article&article_id=6996 
856 4 |u http://elibrary.ru/item.asp?id=23579281 
942 |c CF